Бумажная радуга и другие рассказы сельской продавщицы

Dettagli Bibliografici
Autore principale: Полуян Е. В. Елена Вадимовна
Altri autori: Коробов В. Владимир (автор послесловия)
Riassunto:Исключено из фонда НТБ ТПУ
Lingua:russo
Pubblicazione: Москва, Молодая гвардия, 1991
Natura: MixedMaterials Libro
KOHA link:https://koha.lib.tpu.ru/cgi-bin/koha/opac-detail.pl?biblionumber=147460

MARC

LEADER 00000nam0a2200000 4500
001 147460
005 20231031145045.0
010 |a 5235014081 
020 |a RU  |b 91-10296 
035 |a (RuTPU)RU\TPU\book\159836 
090 |a 147460 
100 |a 20081114d1991 m y0rusy5003 ca 
101 0 |a rus 
102 |a RU 
105 |a y z 000ay 
200 1 |a Бумажная радуга и другие рассказы сельской продавщицы  |f Е. В. Полуян  |g авт. послесл. В. Коробов 
210 |a Москва  |c Молодая гвардия  |d 1991 
215 |a 238 с. 
333 |a Исключено из фонда НТБ ТПУ 
700 1 |a Полуян  |b Е. В.  |g Елена Вадимовна 
702 1 |a Коробов  |b В.  |g Владимир  |4 075 
801 0 |a RU  |b RuMRKP  |c 19950417  |g psbo 
801 1 |a RU  |b 63413507  |c 20081114  |g PSBO 
801 2 |a RU  |b 63413507  |c 20220516  |g PSBO 
942 |c BK